000 00788cam a2200241u 4500
005 20150921102530.0
008 810605s1958 dcuac 000 0 eng
040 _aDLC
_cCarP
_dDLC
041 _aeng
043 _an-us---
110 2 _aNational Geographic Society (U.S.)
_939014
245 1 4 _aThe book of fishes;
260 _aWashington
_c[1958]
_b,
300 _axi, 339 p.
_billus. (part col.) ports. (part col.)
_c27 cm.
504 _aContiene Indice
650 0 _aFishes
_zUnited States.
_939015
650 0 _aFishing
_zUnited States.
_939016
650 0 _aFisheries
_zUnited States.
_939017
650 0 _aMarine animals.
_939018
700 1 _aLa Gorce, John Oliver,
_d1880- [from old catalog]
_eed.
_939019
906 _a0
_bcbc
_cpremunv
_du
_encip
_f19
_gy-gencatlg
942 _2ddc
_cLIBRO
999 _c2325
_d2325